[Event "Ptuj zt"]
[Site "Ptuj"]
[Date "1995.??.??"]
[Round "1"]
[White "Gostisa, Leon F"]
[Black "Robatsch, Karl"]
[Result "1-0"]
[WhiteElo "2420"]
[BlackElo "2410"]
[Annotator "Hansen,Cu"]
[PlyCount "79"]
[EventDate "1995.04.??"]
[EventType "tourn"]
[EventRounds "15"]
[EventCountry "SLO"]
[EventCategory "10"]
[SourceTitle "CBM 047"]
[Source "ChessBase"]
[SourceDate "1995.08.01"]
[SourceVersion "1"]
[SourceVersionDate "1995.08.01"]
[SourceQuality "1"]

1. d4 Nf6 2. Nf3 e6 3. c4 Bb4+ 4. Bd2 Qe7 5. g3 Nc6 6. Bg2 Bxd2+ 7. Nbxd2 (7.
Qxd2 $6 Ne4) 7... d6 8. O-O (8. e4 O-O (8... e5 9. d5 Nb8 10. c5 (10. b4 c6 11.
O-O Na6 12. c5 dxc5 13. bxc5 O-O 14. d6 Qe8 15. Qc2 Bg4 16. Rab1 Rb8 17. Rfc1
Nd7 18. Nb3 Be6 19. Bf1 Bxb3 20. Qxb3 Naxc5 21. Qe3 b6 22. Bh3 $44 {Clausen,
S-Olesen,M/Lyngby open/1988/}) (10. h3 O-O (10... Nbd7 11. O-O Nc5 12. Ne1 a5
13. b3 O-O 14. a3 Bd7 15. b4 axb4 16. axb4 Rxa1 17. Qxa1 Na4 18. Nd3 Ra8 19. f4
Nh5 $13 {Juhasz,B-Loginov,V/Expressz GM Budapest/1993/}) 11. O-O a5 12. Ne1 (
12. b3 Na6 13. a3 Bd7 14. Qc2 c6 15. dxc6 bxc6 16. Nb1 Nc5 17. Nc3 Rfb8 $15 {
Pesout,Tregubov,A/Pardubice op/1992/}) 12... Na6 13. a3 (13. Nd3 Nd7 14. a3
Nac5 15. Nxc5 dxc5 16. Qc2 Ra6 17. Qc3 $14 {Bikhovsky,A-Vezzosi,P/Capelle la
Grande/1993/}) 13... Bd7 14. Nd3 c6 15. Qb3 Rfb8 16. Qb6 a4 17. b4 axb3 18.
Nxb3 cxd5 19. cxd5 Ba4 20. Nb2 Bxb3 21. Qxb3 Nc5 $15 {Stone,R-Reeh,O/Gausdal
Troll Masters/1991/}) 10... dxc5 11. Nc4 O-O 12. O-O Nbd7 13. d6 cxd6 14. Nxd6
Nb6 15. Nf5 Bxf5 16. exf5 e4 $17 {Gostisa,L-Tatai,S/Aosta Mi-Cup/1988/}) (8...
e5) 9. O-O e5 10. d5 Nd8 11. Ne1 Ng4 12. Qe2 Re8 13. Nd3 f5 14. exf5 Bxf5 15.
Rae1 Nf7 16. f3 {1/2-1/2 Reefschlaeger,H-Hecht,H/BL 8283 Solingen-HSK [3] 1982}
) (8. Rc1 e5 9. d5 Nb8 10. e4 O-O 11. O-O a5 12. Qc2 Na6 13. Ne1 c6 14. dxc6
bxc6 15. a3 Bg4 16. Bf3 Bxf3 17. Nexf3 Rab8 18. b3 $10 {Paschall,W-Goldin,A/
Philadelphia op/1992/}) 8... e5 (8... a5 9. Nb1 (9. Rc1 O-O (9... e5 10. d5 Nb8
11. c5 O-O 12. cxd6 cxd6 13. Nc4 Nbd7 14. Qd2 b6 15. Nh4 Ne8 16. f4 e4 17. Nf5
Qf6 18. Nd4 $16 {Ryskin,A-Lisenko,A/Kobanya op/1992/}) 10. c5 e5 11. cxd6 cxd6
12. e3 e4 13. Ne1 d5 14. a3 {1/2-1/2 Giorgadze,T-Knezevic,M/Porz ;MCL 06 1981})
(9. Qc2 O-O 10. e4 e5 11. d5 Nb8 12. b3 Bg4 13. Nh4 g6 14. f4 exf4 15. Rxf4 Bc8
16. Qc3 Nbd7 17. c5 Nh5 18. cxd6 cxd6 19. Rff1 Ne5 20. Nhf3 Nxf3+ 21. Bxf3 Bh3
$10 {Pluemer,D-Klimm,W/2.BLN/1990/}) 9... e5 (9... Nb8 10. Nc3 O-O 11. e4 e5
12. h3 c5 13. dxe5 dxe5 14. Nd5 Qd6 15. Re1 Nfd7 $13 {Paulsen,D-Kraut,R/BL/
1988/}) 10. Nc3 O-O 11. Nd5 (11. h3 e4 12. Ne1 Bf5 13. Nc2 Qd7 14. Kh2 Bg6 15.
Qd2 $14 {Paulsen,D-Jackelen,T/BL/1990/}) 11... Nxd5 12. cxd5 Nb4 13. a3 Nxd5
14. dxe5 Be6 15. e4 Nb6 16. exd6 Qxd6 17. Qxd6 cxd6 18. Nd4 {1/2-1/2 Ksieski,
Z-Adamski,J/POL-ch (09) 1980}) (8... a5) 9. d5 Nb8 10. e4 (10. Ne1 a5 11. b3
O-O 12. e4 Na6 13. Nb1 c6 14. Nc3 Bd7 15. Nc2 cxd5 16. Nxd5 Nxd5 17. Qxd5 Nc5
18. Rfd1 Bc6 19. Qxd6 Qxd6 20. Rxd6 Bxe4 21. Ne3 $14 {Csom,I-Hernandez,R/
Capablanca mem/1985/}) (10. e3 a5 11. Qa4+ Nbd7 12. b4 O-O 13. bxa5 Nc5 14. Qb4
Bg4 15. Nb3 Nfd7 16. Qc3 f5 $15 {Riehl-Maksimovic/Nuerberg/1989/}) 10... Bg4 (
10... O-O 11. Ne1 (11. b4)) (10... c5 11. Ne1 g5 12. Nd3 Nbd7 13. a3 h5 14. h3
h4 15. g4 Nf8 16. Re1 Ng6 17. b4 b6 18. a4 a5 19. b5 $10 {Raetsky,A-Vlassov,N/
Katowice open/1992/}) 11. Qb3 (11. h3 Bxf3 12. Qxf3 a5 13. b3 O-O 14. a3 c6 15.
h4 Na6 16. Bh3 Qc7 17. Rab1 cxd5 18. cxd5 Qc5 19. b4 axb4 20. axb4 Nxb4 21.
Rfc1 Qd4 $15 {Antonsen,M-Jacobs,E/Gausdal Arnold Cup/1991/}) 11... c5 (11... b6
$5) 12. Nh4 {/\f2-f4, ><e5} g5 13. Nhf3 (13. Nf5 Bxf5 14. exf5 g4 $13) 13...
Rg8 14. Qe3 Bd7 $6 (14... Bc8 $5 15. Ne1 Nbd7 {/\Nf8-g6}) 15. Ne1 {פb8} (15.
Nxg5 $4 Ng4 $19) 15... Na6 16. Nd3 h5 17. Rfb1 b6 18. a4 Qd8 19. h3 $6 {
/\19..h4 20.g4 /19..g4 20.h4} Qc8 $1 20. Kh2 h4 21. Qf3 {/\g3-g4,Nd2-f1-e3} (
21. g4 $2 Bxg4) 21... hxg3+ 22. fxg3 Ke7 $2 {/\Rh8/g5-g4} (22... Rg6 {/\Rh6/
g5-g4} 23. g4 $13) 23. Nxe5 $18 Rh8 (23... dxe5 24. d6+ Ke6 25. Qf5+ Kxd6 26.
Qxf6+ Be6 27. Nf3 $18) 24. Rf1 Rh6 25. Nxd7 Qxd7 {/\Ng4-e5} 26. Kg1 Re8 27. e5
dxe5 28. Qe3 (28. Ne4 Nxe4 29. Qxf7+ Kd8 30. Qxd7+ Kxd7 31. Bxe4 $18) 28... Qd6
29. Rf5 Kd8 30. Qxg5 Rg6 31. Ne4 Qf8 32. Qe3 Nxe4 33. Bxe4 Qg7 34. Kh2 Rh8 35.
Bg2 f6 36. Raf1 Nb8 37. Qf3 Rf8 38. d6 {/\Qa8} Qd7 39. Rxe5 Rfg8 40. Re3 $138 {
Hansen,Cu} (40. Re3 Rxg3 41. Qxf6+ $18) 1-0

[Event "Zagreb zt"]
[Site "Zagreb"]
[Date "1993.??.??"]
[Round "10"]
[White "Alterman, Boris"]
[Black "Dizdarevic, Emir"]
[Result "1-0"]
[WhiteElo "2600"]
[BlackElo "2540"]
[Annotator "Hansen,Cu"]
[PlyCount "65"]
[EventDate "1993.03.??"]
[EventType "tourn"]
[EventRounds "13"]
[EventCountry "CRO"]
[EventCategory "11"]
[SourceTitle "CBM 035"]
[Source "ChessBase"]
[SourceDate "1993.08.01"]
[SourceVersion "1"]
[SourceVersionDate "1993.08.01"]
[SourceQuality "1"]

1. d4 {Dautov} Nf6 2. c4 e6 3. Nf3 Bb4+ 4. Bd2 Qe7 5. g3 O-O 6. Bg2 Bxd2+ 7.
Qxd2 d6 8. Nc3 e5 9. O-O Re8 10. e4 Bg4 11. d5 (11. Ne1 Nc6 (11... exd4 12.
Qxd4 Nc6 13. Qd2 a5 (13... Qe5 14. Nd5 $14 {Estevez,G-Arencibia,JJ/Sagua la
Grande/1989/}) 14. b3 a4 15. f3 $16 {Manor,I-Adams,M/Adelaide/1988/}) 12. Nc2 (
12. h3 Bd7 13. Nc2 exd4 14. Nxd4 Nxd4 15. Qxd4 c5 16. Qd2 Bc6 17. Rfe1 a6 18.
Re3 Qe6 19. Qe2 b5 $10 {Timoshchenko,G-Claudouras,P/Budapest Elekes/1989/}) (
12. d5 Nd4 13. f4 Bd7 14. Nd3 c5 15. dxc6 Bxc6 $10 {Yusupov,A-Ivkov,B/Vrbas/
1980/}) 12... exd4 13. Nd5 (13. Nxd4 Nxd4 14. Qxd4 {or 12. - Nxd4 13.Nxd4 exd4
14.Qxd4} Qe5 (14... c5 15. Qd2 Rad8 16. b3 Bd7 17. Rad1 Bc6 18. Rfe1 $14 {
Novikov,I-Dimitrov,V/Debrecen EU-tch/1989/}) 15. Qd2 Qh5 16. f3 (16. Rfe1 Bf3
17. h3 Bxg2 18. Kxg2 Re7 19. Re3 Rae8 $10 {Georgiev,Kir-Inkiov,V/Bulgaria/1992/
}) 16... Bh3 17. Bxh3 (17. Rac1 Bxg2 18. Kxg2 Qe5 19. Rfd1 $14 {Vyzmanavin,
A-Landerbergue,C/Manila ol/1992/}) 17... Qxh3 18. Rad1 $14 {Razuvaev,
Y-Kochiyev,A/Moscow GMA op/1989/}) 13... Qd8 14. f3 Bd7 (14... Be6 15. Nxd4
Nxd4 16. Qxd4 Nd7 17. Rad1 $14 {Schussler,H-Balashov/Reykjavik/1984/}) 15. Rac1
Ne5 16. Nxd4 $14 {Vladimirov-Kirov/Gronningen/1989/}) (11. Nh4 Nc6 12. d5 (12.
h3 Bd7 13. Nb5 Rec8 14. d5 Nd8 15. Nc3 g6 16. f4 $14 {Lukacs,P-Hernandez,R/
Havana II/1986/}) 12... Nd4 13. Nb5 Nxb5 14. cxb5 Bd7 (14... a6 15. bxa6 Rxa6
16. a4 c5 17. dxc6 Rxc6 18. Rfc1 Rec8 19. b4 $14 {Razuvaev,Y-Huss,A/Wien/1984/}
) 15. a4 $14 {Yusupov,A-Hernandez,Rom/Thessaloniki/1984/}) (11. dxe5 dxe5 12.
Nd5 Qd6 13. Nh4 Nc6 14. h3 Bc8 15. Rad1 Nd4 {Birnbaum,D-Rapp,R/2.BL/1989/})
11... c6 (11... Bxf3 {0,5/Xu Jun-Anand,V/Novi Sad olm/1990/} 12. Bxf3 a5 (12...
c5 13. a3 (13. Rae1 a6 14. b3 Nbd7 15. Bg2 Rab8 16. a4 Qd8 17. Qd1 Re7 18. Re3
Qa5 19. Rfe1 $14 {Karpov,A-Nikolic,P/Skelleftea/1989/}) 13... Nbd7 14. Bg2 a6
15. Qe2 Rab8 16. Rfc1 g6 17. b4 Kg7 18. h4 Qd8 19. Bh3 $16 {Beliavsky,
A-Balashov,Y/Lvov/1978/}) (12... Nbd7 13. b4 a5 14. a3 $14 {Beliavsky,
A-Christiansen,L/Reggio/1987/}) 13. a3 Na6 (13... c6 14. Rab1 cxd5 15. cxd5
Nbd7 16. b3 $14 {Zlotnik,B-Dimitrov,A/Kastel Stari/1988/}) 14. Rab1 (14. b3 c6
15. Rab1 h6 16. Bg2 Red8 17. b4 axb4 18. axb4 c5 $10 {Prakash,G-King,D/
Calcutta/1992/}) 14... Nc5 (14... c6 {Dautov} 15. Rfe1 (15. b4 axb4 16. axb4 c5
$1 $10) 15... Rec8 {Meduna-Ivkov/Sochi/1983} 16. Na4 $5 Qc7 17. Qe3 $14 {ECO})
15. b4 axb4 16. axb4 Na4 $10 {Vanheste,J-Karner,H}) (11... a5 12. Ne1 Na6 13.
b3 (13. Nd3 {Dautov} Bd7 14. f4 $14) 13... Nc5 14. Nc2 $14 {Dankert,P-Leitner,
M/BL/1982/}) 12. Rfd1 (12. Ne1 cxd5 13. cxd5 Na6 14. Nd3 Rac8 15. f4 $16 {
Podgaets,M-Lerner,K/USSR/1978/}) 12... cxd5 13. Nxd5 (13. cxd5 {Dautov} Na6 $10
) 13... Nxd5 14. Qxd5 Rd8 {/\15. - Bxf3 16.Bxf3 Sc6 ><d4} 15. Nxe5 $5 (15. c5 {
Dautov} Nc6 16. cxd6 Qf6 17. Qd3 Nd4 (17... Bxf3 18. Qxf3 Qxf3 19. Bxf3 Nd4 $10
) 18. Nxd4 Bxd1 19. Nf5 Bg4 $17) 15... Bxd1 16. Rxd1 Na6 17. Nd3 (17. Ng4 {
Dautov} Qe6 $1 18. Ne3 Qxd5 19. Nxd5 Kf8 $15) 17... Nc5 18. Nf4 $44 {><d5,><d6}
Ne6 (18... Qe5 $142 $1 {Dautov} 19. b3 Rab8 $15) 19. Ne2 Nc7 20. Qd3 Rab8 {
/\b7-b5} 21. Nd4 {/\Nf5} (21. Nc3 $5 {Dautov} a6 22. a4 Qe5 {/\b5} 23. b4 $132)
21... g6 22. h4 a6 (22... Ne6 $5) 23. b3 (23. h5 $5 {Dautov} Qe5 24. hxg6 hxg6
$15) 23... Qe5 24. a4 Ne6 25. Nxe6 Qxe6 (25... fxe6 26. Bh3 $14) (25... fxe6 $1
$15 {Dautov /\b5}) 26. Qe3 {/\Qb6+c4-c5,><b7,><d6} b5 $6 27. cxb5 axb5 28. a5
Qe5 $2 (28... b4 $1 $13) (28... b4 $6 {Dautov} 29. a6 Ra8 30. Bf1 $10) 29. b4 {
/\Rd5,><b5,><d6} Rdc8 30. Rd5 (30. Bf1 {Dautov} Rc3 (30... Qb2 $5) 31. Qa7 (31.
Qd4 Rb3 $15) 31... Rbc8 32. a6 $132 (32. Qb7 $2 Rxg3+ $1 33. fxg3 Qxg3+ 34. Bg2
Rc2 $40)) 30... Qb2 31. Rxd6 Qxb4 32. e5 Qc3 $4 (32... Qxa5 33. e6 Qa1+ (33...
Rc7 34. e7 Re8 35. Rd8 $18) 34. Kh2 fxe6 35. Rd7 {/\36.Qxe6+ Kh8 37.Qe7} (35.
Qxe6+ Kh8 36. Rd7 Rg8 $15 (36... Rg8 37. Qd6 Rbf8 $17)) 35... Qf6 (35... Rd8 {
Dautov} 36. Rc7 Re8 (36... Rd6 37. Qf4 $18) 37. Qh6 Qh8 38. Be4 {/\Bg6} Rf8 39.
Bxg6 Rxf2+ 40. Kh3 (40. Kg1 Rf1+ 41. Kxf1 Qf6+) 40... hxg6 41. Qxg6+ Kf8 42.
Rh7 Qe5 43. Qh6+ Ke8 44. Qg6+ Kf8 45. Qh6+ $10) 36. Qh6 Qh8 37. Bh3 Rc6 38. h5
$16) 33. Rd8+ 1-0

[Event "Tilburg"]
[Site "Tilburg"]
[Date "1994.??.??"]
[Round "1"]
[White "Ehlvest, Jaan"]
[Black "Wahls, Matthias"]
[Result "1-0"]
[WhiteElo "2600"]
[BlackElo "2540"]
[Annotator "Hansen,Cu"]
[PlyCount "109"]
[EventDate "1994.09.??"]
[EventType "k.o."]
[EventRounds "7"]
[EventCountry "NED"]
[SourceTitle "CBM 044"]
[Source "ChessBase"]
[SourceDate "1995.02.01"]
[SourceVersion "1"]
[SourceVersionDate "1995.02.01"]
[SourceQuality "1"]

1. d4 Nf6 2. c4 e6 3. Nf3 Bb4+ 4. Bd2 Qe7 5. g3 Nc6 6. Nc3 (6. Bg2 {The old
main-line.} Bxd2+ 7. Nbxd2 d6) 6... Bxc3 7. Bxc3 Ne4 8. Rc1 O-O 9. Bg2 d6 10.
d5 Nd8 (10... Nxc3 11. Rxc3 Nb8) 11. Bb4 (11. dxe6 Nxe6 (11... fxe6 12. O-O Bd7
13. Be1 Nf6 14. Nd4 $14 e5 15. Nc2 Ne6 16. Ne3 Qf7 17. b4 Bc6 18. Nd5 Kh8 19.
Bc3 Rae8 20. f4 exf4 21. gxf4 a5 22. a3 axb4 23. axb4 b5 24. Bxf6 gxf6 25. cxb5
Ba8 {Kortchnoi,V-Petrosian,T/Moskva (m/4) 11/610 1971/1/2-1/2 (66)}) 12. Bb4 $1
(12. O-O Nxc3 (12... Bd7 13. Re1 f5 14. e3 Nxc3 15. Rxc3 Bc6 16. Nd4 Bxg2 17.
Nxe6 Qxe6 18. Kxg2 {1/2-1/2 Lukacs,P-Loginov,V/Budapest FS 03 GM(01) 1994}) 13.
Rxc3 Bd7 14. Nd2 (14. Nh4 Bc6 15. Nf5 (15. Bd5 Rfe8 16. Ng2 a5 17. Re1 Qf6 18.
h4 Bxd5 19. Qxd5 c6 20. Qd2 Rad8 21. Rd3 Nc5 22. Rf3 Qe5 23. Nf4 Ne4 24. Qc2
Qc5 25. Rc1 h6 26. Kg2 Rc8 27. a3 {Georgadze,G-Ulibin,M/URS-YM Tbilisi 1989/1/
2-1/2 (68)}) 15... Qf6 16. Ne3 Bxg2 17. Kxg2 Rfe8 18. Nd5 Qg6 19. Qb1 c6 20.
Qxg6 hxg6 21. Ne3 Nc5 22. Rd1 a5 23. Ra3 Red8 24. Nc2 Kf8 25. h4 Ra6 26. Ne1
Re8 27. Kf3 Ke7 28. Re3+ Ne6 29. b3 Raa8 {Polugaevsky,L-Kortschnoj,V (12)/
Evian cs 1977/1/2-1/2 (50)}) (14. e4 Bc6 15. Re3 Rfe8 16. Rfe1 a5 17. Nd2 Qf6
18. Qc1 a4 19. h4 h6 20. Nb1 Qd4 21. Rd1 Qc5 22. Qc3 f5 23. exf5 Qxf5 24. Rde1
Bxg2 25. Kxg2 Qf7 26. Na3 Nc5 27. Nb5 Rxe3 28. Rxe3 Qd7 {Epishin,V-Ivanchuk,V/
Tilburg (04) 1993/1/2-1/2 (63)}) 14... Bc6 (14... a5 15. Re1 Rfe8 16. Nb3 Bc6
17. Bd5 Qf6 18. Qd2 a4 19. Rf3 Qe5 20. Re3 Qh5 21. Bxc6 bxc6 22. Nd4 {1/2-1/2
Novikov,I-Wahls,M/Bern op (8) 1994}) 15. Bd5 (15. Bxc6 bxc6 16. Ra3 Rfb8 17.
Nb3 Qf6 18. Qd2 a5 19. Ra4 c5 20. Rb1 Nd4 {0,5/Akopian,V-Ulibin,M/Chalkidiki/
1992/}) 15... a5 16. Re1 Nc5 17. Nb3 Ba4 18. Qd2 Bxb3 19. axb3 Kh8 20. Re3 Qf6
21. Ra1 c6 22. Bf3 Rae8 23. Rxe8 Rxe8 24. Rxa5 Nxb3 25. Qe3 Qd8 26. Qxb3 Qxa5
27. Qxb7 c5 28. Qxf7 Rb8 {Goldin,A-Wahls,M/Berlin Summer op(9) 1993/1/2-1/2 
(50)}) 12... Qf6 (12... Bd7 13. Ne5 $5 (13. O-O) 13... N6c5 $6 (13... Qf6 14.
Bxe4 Qxe5 15. Bxb7 Qxb2 16. Rb1 Qxa2 17. Bxa8 Rxa8 18. Qb3 Qa6 19. O-O $14) 14.
Nxd7 Nxd7 15. O-O a5 16. Ba3 Rfe8 (16... b6 17. Qc2 f5 $14) 17. b3 b6 18. Bb2
Rad8 19. Qd4 (19. f3 Nec5 20. e4 f5 $1 21. exf5 Qe3+ 22. Kh1 Nd3 $132) 19...
Qf6 (19... Nef6 20. Rce1 $1 Nc5 21. e4) 20. Qxf6 Ndxf6 21. Rfd1 h6 $6 22. e3
Nd7 23. Kf1 Re7 24. Ke2 Rde8 25. g4 $1 Re6 26. h4 R6e7 {Kramnik,V-Ulibin,M/
Chalkidiki (09) 1992/1-0 (49)}) (12... a5 13. Ba3 f5 (13... Re8 14. O-O a4 15.
Ne1 N6g5 16. Nd3 Nh3+ 17. Kh1 Ra5 18. Qe1 b6 19. f3 Neg5 20. e4 Qf6 21. Nb4 Qh6
22. Nd5 Ra7 23. Qc3 f5 24. exf5 Bxf5 25. Rce1 Rxe1 26. Qxe1 Qe6 27. Qxe6+ Nxe6
28. Ne7+ Kf7 29. Nxf5 {1-0 Stoering,V-Ostermeyer,P/2.BLW 9293 Porz II-Münster 
[5] 1992}) (13... N4c5 14. O-O Bd7 15. Nd4 Nxd4 16. Qxd4 Bc6 17. Bxc6 bxc6 18.
Bxc5 dxc5 $13) 14. O-O Kh8 15. Nd4 Nxd4 16. Qxd4 b6 17. b3 Bb7 18. Bb2 Rf6 19.
Rcd1 (19. a3 Re6 20. Ra1 Rf8 21. b4 c5 22. Qd3 Ng5 23. Bxb7 Qxb7 24. h4 Ne4 25.
bxa5 bxa5 26. Rab1 Qe7 27. Qd5 f4 28. Ba1 fxg3 29. fxg3 Rxf1+ 30. Rxf1 h6 31.
Rb1 Qf7 32. Rf1 Qg6 33. Rf8+ Kh7 34. Qf5 Nxg3 35. Qxg6+ Kxg6 36. Rg8 Nxe2+ 37.
Kf2 Nd4 38. Ra8 Re2+ 39. Kf1 Rd2 {0-1 Lingnau,C-Loginov,V/Budapest FS FebGM 
(04) 1994}) 19... Re6 20. Bc1 (20. Rfe1 Rf8 21. Bf3 f4 22. Ba1 fxg3 23. hxg3 c5
24. Qb2 Rg6 25. Kg2 Nxg3 26. fxg3 Qg5 {0-1 Chetverik,M-Loginov,V/Zalakaros op
(04) 1994}) 20... Rf8 21. Rd3 Qe8 22. a3 Qh5 23. b4 axb4 24. axb4 Rfe8 25. Ra3
R6e7 26. Ra7 c5 27. bxc5 dxc5 28. Qb2 Qg6 29. Bf4 Qe6 30. Bf3 Kg8 31. Rb1 g5
32. Bxg5 Nxg5 33. Bxb7 Qxc4 34. Qxb6 Rxe2 {Zakharevich,I-Loginov,V/St.
Petersburg op (09) ;EXP 43 1994/1/2-1/2 (54)}) (12... f5 13. O-O Bd7 14. e3 (
14. Ba3 Qf6 15. c5 Bc6 16. cxd6 cxd6 17. b3 f4 18. Qd3 N4c5 19. Qc3 Qxc3 20.
Rxc3 Bxf3 21. Bxf3 Nd4 22. Bxc5 Nxf3+ 23. exf3 dxc5 24. Rxc5 Rf7 25. Kg2 b6 26.
Rc3 g6 27. Rd1 {Razuvaev,Y-Wahls,M/Bern op (5) 1994/1/2-1/2 (52)}) 14... c5 15.
Bc3 Bc6 16. b3 Rad8 17. Bb2 Qe8 18. Qe2 b5 19. Rfd1 b4 20. Nh4 g5 21. Nf3 Qh5
22. Nd4 Qxe2 23. Nxe2 g4 24. Nf4 N6g5 25. Kf1 Rf7 26. h4 gxh3 27. Nxh3 Nxh3 28.
Bxh3 h5 {Kaidanov,G-Wahls,M/New York op (06) 1994/1-0 (44)}) 13. Qc2 (13. Rc2
a5 $1 14. Ba3 N6g5 15. h4 (15. O-O Nh3+ 16. Bxh3 Bxh3 17. Re1 b6 $15) 15...
Nxf3+ 16. exf3 Nc5 17. Bxc5 (17. O-O {= Zoler,D-Finkel,A/Israel 58/(539) 1993})
(17. O-O Bf5 18. Rd2 Rae8 $10 {Finkel,A}) 17... dxc5 18. O-O Be6 $10) (13. b3
a5 14. Ba3 N6g5 $1 15. h4 Nxf3+ 16. Bxf3 Re8 $10) (13. Ba3 N4g5 14. h4 Nxf3+
15. Bxf3 Nc5 16. O-O {1/2-1/2 Van Wely,L-Ulibin,M/Las Palmas-I(7) 1993}) 13...
N6c5 (13... N6g5 14. h4 Nxf3+ 15. Bxf3 (15. Bxf3 $14) 15... Nc5 16. Bc3 Qf5 17.
Qd2 Re8 18. O-O Ne4 19. Qd4 Nxc3 20. Rxc3 Qc5 21. Qxc5 dxc5 22. Rd1 c6 23. Rb3
Kf8 24. g4 a5 25. a4 Ra7 26. Rbd3 Be6 27. b3 Ke7 28. Kg2 Rb8 29. Re3 Kf8 {
Gavrikov,V-Wahls,M/Biel (05) ;CBM 43 1994/1-0 (62)}) 14. O-O Re8 (14... Bf5 $6
15. Nh4 $1 Nxg3 $2 16. fxg3 Qd4+ 17. e3 $1 Qxe3+ 18. Qf2) 15. Ba3 a5 16. b3 Qh6
17. Rcd1 Bh3 $1 18. Bc1 Qh5 (18... Qe6 $6 19. Nd4 Qc8 20. f3 Nf6 21. e4 $16)
19. Rd5 Qg4 20. Nh4 (20. Nd4 Bxg2 21. Kxg2 c6 22. f3 Qg6 23. Rf5 Ne6 24. Nxe6
Qxf5 25. Nc7 Nxg3 26. e4 Qd7 27. Nxa8 Nxf1 28. Nb6 Qd8 29. Qf2 Nxh2 30. Kxh2
Re5 $17) (20. Rg5 Nxg5 21. Nxg5 Bxg2 22. Qxh7+ Kf8 23. Kxg2 Ne6 24. f3 Qd4 $15)
20... Bxg2 21. Kxg2 (21. Nxg2 Nf6 22. f3 Qg6 $10) (21. f3 $5 Bxf1 $1 22. fxg4
Bh3 23. g5 Re6 {/\ Rae8~/=}) 21... Nf6 22. f3 Qe6 23. Rd2 b5 $1 (23... a4 24.
Nf5 axb3 25. axb3 Nxb3 $2 26. Nxg7 Kxg7 27. Qxb3 $16) 24. Nf5 (24. cxb5 $2 Nd5
25. Nf5 $2 Qxf5 $19) 24... bxc4 25. bxc4 (25. Nd4 $5 Qc8 26. bxc4 Nfd7 27. e4
Ne5 $13) 25... Nfd7 26. Nd4 Qg6 27. Nb5 Qxc2 28. Rxc2 Ne6 29. e4 Reb8 30. Be3
Ne5 31. f4 {1/2-1/2 Chernin,A-Ulibin,M/Benidorm 58/539 1993}) (11. Qc2 Nxc3 12.
Qxc3 e5 13. e4 c5 14. O-O f5 15. exf5 Bxf5 16. Qe3 Nf7 17. Nh4 Bd7 18. f4 Rae8
19. f5 Qg5 20. Rce1 {1/2-1/2 Horvath,C-Petrosian,A/Siofok Hungaroil (07) 1990})
(11. O-O e5 (11... Nxc3 12. Rxc3 a5 13. Nd2 e5 14. c5 b6 15. cxb6 cxb6 16. Qb3
Nb7 17. Qxb6 Nc5 18. Ne4 Ra6 19. Qb5 Nxe4 20. Bxe4 {1-0 Farago,I-Horvath,T/
tt-HUN1 Csuti A.SK-Tungsram(10) 1994}) 12. c5 $5 (12. Qc2 f5 13. c5 Nf7 14.
cxd6 cxd6 15. Nd2 Nxc3 16. Qxc3 Bd7 17. Qb4 b6 18. Rc7 Rfc8 19. Rfc1 Qd8 20.
Qc3 Rxc7 21. Qxc7 Rc8 22. Qxd8+ Nxd8 23. Rxc8 Bxc8 24. f4 Nf7 25. e3 Kf8 26.
Nb1 {Eingorn,V-Miles,A/Zagreb izt 1987/1/2-1/2 (58)}) (12. Nd2 Nxc3 13. Rxc3 f5
(13... b6 14. b4 a5 15. a3 axb4 16. axb4 f5 17. Qc2 Nf7 18. Rc1 e4 19. Nb3 Qf6
20. Qd2 Ra4 {1/2-1/2 Sherbakov,R-Ulibin,M/URS-qualJ Jurmala 1989}) 14. c5 Nf7
15. cxd6 (15. Qb3 b6 16. cxd6 cxd6 17. Rfc1 Bd7 18. Qa3 Rfc8 19. Qa6 Qd8 20.
Nb3 Rxc3 21. Rxc3 Bc8 22. Qc4 a5 23. Qc7 Ba6 24. Qxd8+ Nxd8 25. e4 fxe4 26. Nd2
Rc8 27. Rxc8 Bxc8 28. Nc4 Nb7 29. Nxb6 Bf5 {Magerramov,E-Ilinsky,V/Moscow op
Russian Winter 1991/1/2-1/2 (51)}) 15... cxd6 16. Qb3 f4 17. Rfc1 Ng5 18. Rc7
Qf6 19. h4 Nf7 20. Ne4 Qg6 21. Re7 Nh6 22. Re6 Bxe6 23. dxe6 Kh8 24. Nxd6 fxg3
25. fxg3 Qf6 26. Ne4 Qe7 27. Bh3 Nf5 28. Ng5 Nd6 29. Qd3 e4 30. Qa3 Rae8 31.
Rd1 h6 32. Qxd6 hxg5 33. Qe5 gxh4 34. Rd7 Qf6 35. Qxf6 Rxf6 {1/2-1/2
Vyzmanavin,A-Khasin,Al/URS-sf Russia-ch Gorky 1989}) (12. Be1 f5 13. Nd2 (13.
b4 Nf7 14. Nd2 Nf6 15. Qb3 f4 16. c5 Ng5 17. f3 Qf7 18. cxd6 cxd6 19. Nc4 Rd8
20. e4 Nh3+ 21. Kh1 fxg3 22. hxg3 Qh5 23. Rc2 Ng5+ 24. Kg1 Bd7 25. g4 Qh6 26.
b5 Ne8 27. Na5 Rdc8 {Krasenkov,M-Wahls,M/Hamburg Wichern-op (08) 1993/0-1 (44)}
) 13... Nf6 14. c5 Nf7 15. cxd6 cxd6 16. Nc4 f4 17. Qd3 (17. Bb4 Bf5 18. f3
Rfc8 19. e4 Bd7 20. gxf4 Rxc4 21. Rxc4 Bb5 22. fxe5 Nxe5 23. Rc2 Bxf1 24. Qxf1
Rf8 25. f4 Nfg4 26. Re2 Qh4 27. Bh3 g5 {1/2-1/2 Khalifman,A-Wahls,M/Bundesliga
1992}) 17... Bg4 18. Bb4 e4 19. Qd1 Qd7 20. gxf4 Nh5 21. Bd2 Nh6 22. Rc3 Nxf4
23. Bxf4 Rxf4 24. Qd2 Rf6 25. Rg3 Bf5 26. Ne3 Raf8 27. Qd4 b6 28. Bxe4 Bxe4 29.
Qxe4 Qb5 30. Qe7 R8f7 31. Qd8+ Rf8 {Miles,A-Tong,Y/S.T.Lee Cup Beijing(2) 1993/
1-0 (53)}) 12... Bd7 (12... Nxc3 13. Rxc3 dxc5 14. Qc2 b6 15. Re3 Bb7 16. Nxe5
Qd6 17. Qa4 b5 18. Qxb5 Ba6 19. Qd7 Nb7 20. Qa4 c4 21. Nxc4 Nc5 22. Qc2 Bxc4
23. Qxc4 Rab8 24. b4 Na4 25. a3 Nb6 26. Qc5 a5 27. Rc1 axb4 28. axb4 {Farago,
I-Loginov,V/Budapest FS 06 GM(08) 1994/1-0 (48)}) (12... f5 13. b4 Nxc3 14.
Rxc3 Nf7 15. Qc2 Bd7 16. Rc1 g6 17. cxd6 cxd6 18. Qb3 Rfc8 19. Rxc8+ Rxc8 20.
Rxc8+ Bxc8 21. Qc3 Qd8 22. e4 Bd7 23. exf5 gxf5 24. Bh3 Qc8 25. Qd2 f4 26. Bxd7
Qxd7 27. Qd3 fxg3 28. hxg3 {Lukacs,P-Loginov,V/Budapest FS SepGM (01) ;EXP 43
1994/1/2-1/2 (44)}) 13. cxd6 (13. b4 f5 14. Nd2 Nxd2 15. Bxd2 Nf7 16. Qb3 Rac8
17. Rc3 h6 18. Rfc1 Ng5 19. cxd6 cxd6 20. Rc7 Qd8 21. Rxc8 Bxc8 22. Rc4 b5 23.
Rc6 Bb7 24. Rc2 Ne4 25. Be3 Qa8 26. Rc7 Rf7 27. Qc2 Rxc7 28. Qxc7 {Alterman,
B-Finkel,A/Israel Ch.(9) 1992/1-0 (74)}) 13... cxd6 14. Nd2 Nc5 15. Nc4 Rc8 16.
b4 Na4 17. Ba1 f6 18. Qb3 Nf7 19. Nb2 Nxb2 20. Bxb2 Bb5 $1 $15 21. Qe3 Qd7 22.
a3 b6 23. Rfe1 Rxc1 24. Rxc1 Rc8 25. Rxc8+ Qxc8 26. Bf1 Qc4 27. Qc1 g6 28. Qd2
Ng5 29. Kg2 Bd7 30. Qd3 $2 Bh3+ 31. Kg1 Qxd3 {0-1 Alterman,B-Ulibin,M/
URS-qualJ Jurmala 1989}) 11... e5 {/\f7-f5,Nd8-f7} 12. Nd2 a5 $6 (12... Nxd2
13. Qxd2 $14) 13. Nxe4 (13. Ba3 Nxd2 14. Qxd2 b6 $10) 13... axb4 14. c5 {
/\Qb3, פd8} (14. Qb3 c5 $5 15. dxc6 Nxc6 $13) 14... f5 15. cxd6 cxd6 16. Nd2
Nf7 17. Qb3 b5 {><c4, /\Ra4} (17... e4 {/\Ne5} 18. Nc4 $16 {/\Nb6}) 18. Qxb4
Rxa2 19. O-O {/\Ra1, ><c6, קb5} Qa7 20. Nb1 $1 $14 {/\Nc3, /\Na3} Ra4 21. Qb3
Qa5 22. Nc3 Rb4 23. Qc2 Rc4 24. b3 Rc5 25. Qb2 b4 26. Na4 Rxc1 27. Rxc1 {<-> c}
Bd7 28. Qd2 Ra8 $6 (28... Bxa4 29. Ra1 Rb8 30. Rxa4 Qc5 31. Ra6 e4 $13) 29. Ra1
Nd8 30. Bh3 $1 $16 {/\e2-e4} Nb7 31. Kg2 (31. e4 Nc5 $17) 31... g6 (31... Nc5
$2 32. Nxc5 Qxa1 33. Nxd7 $18) 32. e4 $16 Rf8 33. exf5 Bxf5 (33... gxf5 34.
Qg5+ Kh8 35. Qe7 Qd8 36. Qxd8 Rxd8 37. Nb6 $16) 34. Bxf5 Rxf5 35. Rc1 {פb7} e4
36. Qd4 $1 $18 Rf8 (36... Qxd5 37. Rc8+ Kf7 38. Rc7+ $18) 37. Qxe4 Nd8 38. Rc4
Nf7 39. Qe6 Kg7 40. Rf4 Qa7 41. Nb2 Qa3 42. Qf6+ Kg8 43. Rf3 Qa8 44. Qe6 Kg7
45. Nc4 Qd8 46. h4 Qc7 47. Qf6+ Kg8 48. Qe6 Kg7 49. Rf4 Qd8 50. Qe1 Qa8 51. Qd2
Rb8 52. Qd4+ Kg8 53. h5 gxh5 54. Rf5 Qa2 55. Nxd6 1-0